The compendious measurer (Record no. 113539)

MARC details
000 -LEADER
fixed length control field 00854cam a22001815a 4500
001 - CONTROL NUMBER
control field L155396
008 - FIXED-LENGTH DATA ELEMENTS--GENERAL INFORMATION
fixed length control field 120320s1786 xxk f 000 0 eng d
035 ## - SYSTEM CONTROL NUMBER
System control number (Sirsi) u155396
041 0# - LANGUAGE CODE
Language code of text/sound track or separate title eng
100 1# - MAIN ENTRY--PERSONAL NAME
Personal name Hutton, Charles
Dates associated with a name 1737-1823
245 04 - TITLE STATEMENT
Title The compendious measurer
Remainder of title being a brief, yet comprehensive, treatise on mensuration and practical geometry. With an Introduction to Decimal and Duodecimal Arithmetic. Adapted to the use of schools and practice. By Charles Hutton, LL.D. and F.R.S. &c.
260 ## - PUBLICATION, DISTRIBUTION, ETC.
Place of publication, distribution, etc. London
Name of publisher, distributor, etc. printed for G. G. J. and J. Robinson, and R. Baldwin, in Paternoster-Row; and G. and J. Wilkie, St. Paul's Church-Yard
Date of publication, distribution, etc. M.DCC.LXXXVI. [1786]
300 ## - PHYSICAL DESCRIPTION
Extent xii, 323, [1] p.
Other physical details ill.
Dimensions 12o
583 ## - ACTION NOTE
Action Condition reviewed
Time/date of action 20120620
Status condition level 1
651 #4 - SUBJECT ADDED ENTRY--GEOGRAPHIC NAME
Geographic name Great Britain
Chronological subdivision 1707-
690 ## - LOCAL SUBJECT ADDED ENTRY--TOPICAL TERM (OCLC, RLIN)
Topical term or geographic name as entry element Measurement
9 (RLIN) 6256
942 ## - ADDED ENTRY ELEMENTS (KOHA)
Suppress in OPAC 0
Holdings
Withdrawn status Lost status Source of classification or shelving scheme Damaged status Not for loan Home library Current library Shelving location Date acquired Total Checkouts Full call number Barcode Date last seen Copy number Price effective from Koha item type
    Dewey Decimal Classification     Historic collection Historic collection Historic collection 20/03/2012   OCTAVO 1786 HUTTON 30075926 06/08/2019 1 06/08/2019 Book